Huni at pakpak : mga dula, mga sanaysay / Luna Sicat Cleto. (Record no. 21288)

000 -LEADER
fixed length control field 00499nam a22001577a 4500
020 ## - INTERNATIONAL STANDARD BOOK NUMBER
ISBN 9789715429986
082 ## - DEWEY DECIMAL CLASSIFICATION NUMBER
Classification number 899.2112
Item number C634 2022
100 ## - MAIN ENTRY--AUTHOR NAME
Personal name Cleto, Luna Sicat, author.
245 ## - TITLE STATEMENT
Title Huni at pakpak : mga dula, mga sanaysay / Luna Sicat Cleto.
260 ## - PUBLICATION, DISTRIBUTION, ETC. (IMPRINT)
Place of publication Quezon City :
Name of publisher The University of the Philippines Press,
Year of publication ©2022.
300 ## - PHYSICAL DESCRIPTION
Number of Pages xiii, 356 pages ;
Other physical details 23 cm.
490 ## - SERIES STATEMENT
Series statement (The Philippine writers series 2022)
650 ## - SUBJECT ADDED ENTRY--TOPICAL TERM
Topical Term Filipino drama.
650 ## - SUBJECT ADDED ENTRY--TOPICAL TERM
Topical Term Filipino essay.
942 ## - ADDED ENTRY ELEMENTS (KOHA)
Koha item type Books
Holdings
Source of acquisition Permanent Location Date acquired Koha item type Collection code Accession Number Lost status Shelving location Withdrawn status Current Location Full call number
SchoolCagayan State University - Carig Library2025-08-26BooksFilipiniana011024 Filipiniana Section Cagayan State University - Carig Library899.2112 C634 2022
SchoolCagayan State University - Carig Library2025-08-26BooksFilipiniana011025 Filipiniana Section Cagayan State University - Carig Library899.2112 C634 2022
SchoolCagayan State University - Carig Library2025-08-26BooksFilipiniana011026 Filipiniana Section Cagayan State University - Carig Library899.2112 C634 2022

Cagayan State University University Library, Carig Campus
Tuguegarao City, Cagayan 3500 | www.csucarig.edu.ph

Powered by Koha